000 00595nam a22001817a 4500
003 0
005 20240807093049.0
008 240807b xxu||||| |||| 00| 0 eng d
020 _a9781394152858
050 _aQA 76.9
_b.C93 2023
245 _aCybersecurity
_ball-in-one for dummies
260 _aHoboken, New Jersey
_bJohn Wiley & Sons, Inc.
_c2023
300 _axxv,690 pages :
_bcolored illustrations ;
_c24cm.
504 _aIncludes bibliographical references, glossary, and index.
650 _aComputer security.
650 _aComputer networks--security measures.
942 _2lcc
_cBK
999 _c366046
_d366046